1071 1751 1156 1636 1580 1887 1881 1572 1076 1858 1250 1049 1288 1490 1827 1107 1600 1858 1771 1231 1659 1544 1133 1397 1211 1614 1023 1842 1451 1130 1760 1176 1096 1116 1528 1218 1466 1727 1879 1808 1378 1551 1084 1713 1726 1814 1081 1846 1023 1045 1309 1739 1026 1373 1589 1995 1603 1368 1939 1224 1925 1149 1027 1184 1957 1603 1494 1040 1807 1426 1595 1361 1966 1887 1810 1567 1148 1740 1712 1226 1154 1934 1171 1169 1387 1372 1015 1180 1462 1885 1176 1005 1168 1500 1670 1548 1556 1472 1454 BCNSPRNW ULIB Ver.6.0+V

เปลี่ยนเป็นภาษาไทย

Change to English
 แสดงรายละเอียดบรรณานุกรม
  กลับหน้าหลัก

Brief Record : Get Marc (ISO 2709) : E-mail record : QR code < ปิดหน้าต่าง
LEADER : 00000nam 2200000uu 4500
001    13399121753
003     ULIB
008    020711s2555 th a 000 0 tha d
020    9786160002962
090    นว.^bณ429ธ
100    ณารา
245    ธาดากุสุมา^cณารา
250    พิมพ์ครั้งที่ 2
260    กรุงเทพฯ :^bพิมพ์คำ,^c2555
300    502 หน้า
945    ^p300^l0^i033168
995    เกษร
999    ^aใช้งานได้ทุกระบบ
รายการนี้ยังไม่มีแท็ก
คุณยังไม่ได้ล็อกอิน คุณสามารถมีกิจกรรมร่วมกับเว็บไซต์ได้ แต่ต้องล็อกอินก่อน ::
  ล็อกอิน

รายการสื่อสารสนเทศ

ลำดับที่ ประเภท เลขเรียก/บาร์โค้ด สถานที่ สถานะ
1. นวนิยาย
นวนิยาย
นว. ณ429ธ  
  Barcode: 033168
ห้องสมุดวิทยาเขตสวรรค์ประชารักษ์
►นวนิยาย
บนชั้น
  ขอยืม

รายการใกล้เคียง
    ผู้แต่ง [ณารา]

BibComment


ยังไม่เคยถูกคอมเมนท์

คอมเมนท์ทรัพยากรรายการนี้
  คอมเมนท์: ธาดากุสุมา ณารา


 Copyright 2026. Bcnsprnw @Library